[Event "17. European Women's Championship 2016"]
[Site "Mamaia ROU"]
[Date "2016.06.01"]
[Round "6.49"]
[White "Gevorgyan, Maria"]
[Black "Makropoulou, Marina"]
[Result "1-0"]
[WhiteElo "2257"]
[BlackElo "2143"]
[PlyCount "109"]
[EventDate "2016.05.27"]
[EventType "swiss"]
[EventRounds "11"]
[EventCountry "ROU"]
[Source "lmi"]
[SourceDate "2016.05.26"]

1. e4 c5 2. Nc3 a6 3. Nf3 d6 4. g3 Nc6 5. Bg2 g6 6. d3 Bg7 7. Bg5 Rb8 8. Qc1 h6
9. Bd2 b5 10. O-O b4 11. Ne2 e5 12. Ne1 Nge7 13. f4 Nd4 14. Nxd4 exd4 15. f5
gxf5 16. Qd1 fxe4 17. Qh5 Be6 18. Bxe4 Qd7 19. Ng2 Rb6 20. Rae1 Kd8 21. Nf4 d5
22. Bg2 Rf8 23. Nxe6+ fxe6 24. Rxf8+ Bxf8 25. Qh4 Kc8 26. Qf6 Qd8 27. Rxe6 Rxe6
28. Qxe6+ Kb7 29. Bf4 Qc8 30. Bxd5+ Nxd5 31. Qxd5+ Kb6 32. Qf7 a5 33. Qf6+ Kb7
34. Bxh6 Bxh6 35. Qxh6 Qg4 36. Qd2 Ka7 37. Kg2 Qe6 38. b3 a4 39. h4 a3 40. Qf2
Qd5+ 41. Qf3 Qe6 42. h5 Qe1 43. Qf2 Qe6 44. Qf3 Qe1 45. Qf7+ Kb6 46. Qf6+ Kb5
47. h6 Qe2+ 48. Kh3 Qh5+ 49. Qh4 Qf5+ 50. Qg4 Qf1+ 51. Kh4 Qh1+ 52. Kg5 Qc1+
53. Kg6 Qxc2 54. h7 Qxd3+ 55. Kg7 1-0

[Event "17. European Women's Championship 2016"]
[Site "Mamaia ROU"]
[Date "2016.06.01"]
[Round "6.51"]
[White "Pancu, Aureliana-Eugenia"]
[Black "Tsatsalashvili, Keti"]
[Result "0-1"]
[WhiteElo "1841"]
[BlackElo "2278"]
[PlyCount "74"]
[EventDate "2016.05.27"]
[EventType "swiss"]
[EventRounds "11"]
[EventCountry "ROU"]
[Source "lmi"]
[SourceDate "2016.05.26"]

1. Nf3 d5 2. g3 c5 3. Bg2 Nc6 4. d4 Nf6 5. O-O e6 6. c4 dxc4 7. Qa4 Bd7 8. Qxc4
b5 9. Qd3 Qb6 10. Ne5 cxd4 11. Nxd7 Nxd7 12. Bxc6 Qxc6 13. Qxd4 e5 14. Qc3 Qb7
15. Be3 Rc8 16. Qb3 Bc5 17. Nd2 O-O 18. Nf3 a5 19. Rfd1 Bxe3 20. Qxe3 Rfe8 21.
Rd2 Nb6 22. b3 e4 23. Nd4 Nd5 24. Qg5 h6 25. Qh5 e3 26. fxe3 Nxe3 27. Qf3 Qb6
28. Qf2 Rcd8 29. Nf3 Rxd2 30. Nxd2 Qd4 31. Rf1 Qd5 32. Qf3 Qd7 33. Rf2 Qxd2 34.
Qxf7+ Kh7 35. h3 Qd8 36. Kh2 Qe7 37. Qh5 Qe5 0-1

[Event "17. European Women's Championship 2016"]
[Site "Mamaia ROU"]
[Date "2016.06.01"]
[Round "6.52"]
[White "Cimpean, Andra"]
[Black "Nikoladze, Sopio"]
[Result "0-1"]
[WhiteElo "1794"]
[BlackElo "2155"]
[PlyCount "64"]
[EventDate "2016.05.27"]
[EventType "swiss"]
[EventRounds "11"]
[EventCountry "ROU"]
[Source "lmi"]
[SourceDate "2016.05.26"]

1. e4 d6 2. d4 Nf6 3. Nc3 e5 4. dxe5 dxe5 5. Qxd8+ Kxd8 6. Bc4 Be6 7. Bxe6 fxe6
8. f3 Nc6 9. Be3 a6 10. Nge2 Bd6 11. a3 Ke7 12. Na4 Nd7 13. b4 b5 14. Nac3 Rhb8
15. Na2 a5 16. c3 axb4 17. axb4 Bxb4 18. cxb4 Nxb4 19. Nxb4 Rxa1+ 20. Bc1 Kd6
21. O-O c5 22. Rd1+ Kc7 23. Nd3 c4 24. Nb4 Nc5 25. Rd2 Nb3 26. Ra2 Rxa2 27.
Nxa2 Ra8 28. Nec3 Nxc1 29. Nxb5+ Kc6 30. Nac3 Ra5 31. Kf2 Rxb5 32. Nxb5 Kxb5
0-1

[Event "17. European Women's Championship 2016"]
[Site "Mamaia ROU"]
[Date "2016.06.01"]
[Round "6.53"]
[White "Cosman, Andreea-Marioara"]
[Black "Anghel, Maria"]
[Result "1-0"]
[WhiteElo "2101"]
[BlackElo "1703"]
[PlyCount "47"]
[EventDate "2016.05.27"]
[EventType "swiss"]
[EventRounds "11"]
[EventCountry "ROU"]
[Source "lmi"]
[SourceDate "2016.05.26"]

1. d4 Nf6 2. c4 e6 3. Nf3 Bb4+ 4. Bd2 Bxd2+ 5. Nbxd2 d5 6. e3 O-O 7. Bd3 Qe7 8.
Qc2 c6 9. O-O Nbd7 10. Ne5 h6 11. f4 c5 12. Rae1 Nxe5 13. dxe5 Nd7 14. Nf3 a6
15. Qb3 dxc4 16. Qxc4 f6 17. exf6 Nxf6 18. Ne5 b5 19. Qc2 Qc7 20. Rf3 Bb7 21.
Rh3 c4 22. Bg6 Qe7 23. g4 Nd7 24. Bh7+ 1-0

[Event "17. European Women's Championship 2016"]
[Site "Mamaia ROU"]
[Date "2016.06.01"]
[Round "6.54"]
[White "Coman, Emilia-Florentina"]
[Black "Surovtseva, Alisa"]
[Result "1-0"]
[WhiteElo "1891"]
[BlackElo "1574"]
[PlyCount "95"]
[EventDate "2016.05.27"]
[EventType "swiss"]
[EventRounds "11"]
[EventCountry "ROU"]
[Source "lmi"]
[SourceDate "2016.05.26"]

1. d4 d5 2. Nf3 Nf6 3. c4 c6 4. Nbd2 Bf5 5. Nh4 Bg6 6. Qb3 Qb6 7. Qh3 Nbd7 8.
Nxg6 fxg6 9. e3 O-O-O 10. c5 Qc7 11. Qe6 g5 12. b4 g6 13. Rb1 Ne4 14. Nxe4 dxe4
15. a4 Bg7 16. b5 Kb8 17. Bd2 Rhf8 18. bxc6 Rf6 19. Qxe7 Bf8 20. Rxb7+ Qxb7 21.
Qxd8+ Qc8 22. Qxc8+ Kxc8 23. Ba6+ Kc7 24. Ba5+ Kxc6 25. Bb5+ Kd5 26. Bxd7 Rf7
27. c6 Bd6 28. Ke2 a6 29. Rc1 Bb8 30. c7 Bxc7 31. Rxc7 Kd6 32. Bc8 Rxc7 33.
Bxc7+ Kxc7 34. Bxa6 Kb6 35. Bb5 g4 36. d5 Kc5 37. Bc6 h5 38. a5 g5 39. a6 Kb6
40. d6 h4 41. d7 Kxc6 42. d8=Q g3 43. a7 gxh2 44. a8=Q+ Kc5 45. Qac8+ Kb5 46.
Qd5+ Kb4 47. Qdb7+ Ka5 48. Qca8# 1-0

[Event "17. European Women's Championship 2016"]
[Site "Mamaia ROU"]
[Date "2016.06.01"]
[Round "6.55"]
[White "Utiatskaja, Irina"]
[Black "Narva, Regina"]
[Result "1/2-1/2"]
[WhiteElo "2181"]
[BlackElo "2019"]
[PlyCount "104"]
[EventDate "2016.05.27"]
[EventType "swiss"]
[EventRounds "11"]
[EventCountry "ROU"]
[Source "lmi"]
[SourceDate "2016.05.26"]

1. e4 c5 2. Nf3 d6 3. d4 cxd4 4. Nxd4 Nf6 5. Nc3 g6 6. Be3 Bg7 7. f3 Nc6 8. Qd2
O-O 9. g4 Bd7 10. h4 h5 11. gxh5 Nxh5 12. O-O-O Ne5 13. Rg1 Rc8 14. Kb1 b5 15.
Bh6 Nc4 16. Bxc4 Rxc4 17. Bxg7 Kxg7 18. Rg5 Rh8 19. Rdg1 e5 20. Nde2 Be8 21.
Rxe5 b4 22. Nb5 Rxc2 23. Qd4 Qf6 24. Rxh5 Rxh5 25. Nxd6 Qxd4 26. Nxd4 Rd2 27.
Nxe8+ Kf8 28. Nb3 Rf2 29. Nc7 Rxh4 30. Nd5 Rhh2 31. Nxb4 Rxb2+ 32. Kc1 a5 33.
Nd3 Rxa2 34. Kd1 a4 35. Nbc1 Rad2+ 36. Ke1 a3 37. Rg5 a2 38. Ra5 Rxd3 39. Nxd3
a1=Q+ 40. Rxa1 Rh1+ 41. Ke2 Rxa1 42. Nf4 Ke7 43. Nd5+ Kd6 44. Ke3 g5 45. Kf2
Ke5 46. Ne3 Ke6 47. Kg3 f6 48. Ng4 Ra3 49. Kf2 Ra2+ 50. Kg3 Ra3 51. Kf2 Ra2+
52. Kg3 Ra3 1/2-1/2

[Event "17. European Women's Championship 2016"]
[Site "Mamaia ROU"]
[Date "2016.06.01"]
[Round "6.56"]
[White "Milak, Adela"]
[Black "Grigoryan, Meri"]
[Result "0-1"]
[WhiteElo "1677"]
[BlackElo "2016"]
[PlyCount "56"]
[EventDate "2016.05.27"]
[EventType "swiss"]
[EventRounds "11"]
[EventCountry "ROU"]
[Source "lmi"]
[SourceDate "2016.05.26"]

1. e4 e5 2. Nf3 Nc6 3. Bb5 Nge7 4. O-O Ng6 5. c3 a6 6. Ba4 b5 7. Bb3 Be7 8. d4
Bb7 9. a3 O-O 10. Be3 Na5 11. Bc2 Nc4 12. Bc1 d5 13. Nbd2 Nxd2 14. Nxd2 exd4
15. cxd4 dxe4 16. Nxe4 Qd5 17. Re1 Rad8 18. Be3 Kh8 19. f3 f5 20. Bb3 Qd7 21.
Nc5 Bxc5 22. dxc5 Qc6 23. Qe2 f4 24. Bf2 Rfe8 25. Qc2 Ne5 26. Qf5 Nxf3+ 27.
gxf3 Qxf3 28. Rxe8+ Rxe8 0-1

[Event "17. European Women's Championship 2016"]
[Site "Mamaia ROU"]
[Date "2016.06.03"]
[Round "7.2"]
[White "Goryachkina, Aleksandra"]
[Black "Osmak, Iulija"]
[Result "1/2-1/2"]
[WhiteElo "2485"]
[BlackElo "2345"]
[PlyCount "83"]
[EventDate "2016.05.27"]
[EventType "swiss"]
[EventRounds "11"]
[EventCountry "ROU"]
[Source "lmi"]
[SourceDate "2016.05.26"]

1. d4 Nf6 2. c4 e6 3. g3 Bb4+ 4. Bd2 a5 5. Bg2 d5 6. Nf3 dxc4 7. a3 Bxd2+ 8.
Nbxd2 b5 9. b3 cxb3 10. Qxb3 c6 11. O-O O-O 12. Rfc1 Bb7 13. Qb2 Nbd7 14. Ne1
Qb6 15. Nd3 Rac8 16. Nb3 Qa7 17. Qd2 a4 18. Nbc5 Ba8 19. e4 Rfd8 20. e5 Nxc5
21. Nxc5 Nd7 22. Qe3 Nxc5 23. Rxc5 Qe7 24. Qc3 Rc7 25. Rd1 g6 26. h4 Rcd7 27.
Rd3 Bb7 28. Be4 Kg7 29. f4 h5 30. Kf2 Kf8 31. Qb4 Kg7 32. Ke3 Kg8 33. Rd2 Kg7
34. Qc3 Kf8 35. Rd3 Kg8 36. Qb4 Kg7 37. Kd2 Kg8 38. Kc3 Rc7 39. Kb2 Rcd7 40.
Rd2 Kg7 41. Kc3 Rc7 42. Rd3 1/2-1/2

[Event "17. European Women's Championship 2016"]
[Site "Mamaia ROU"]
[Date "2016.06.03"]
[Round "7.3"]
[White "Gaponenko, Inna"]
[Black "Bodnaruk, Anastasia"]
[Result "1/2-1/2"]
[WhiteElo "2415"]
[BlackElo "2475"]
[PlyCount "130"]
[EventDate "2016.05.27"]
[EventType "swiss"]
[EventRounds "11"]
[EventCountry "ROU"]
[Source "lmi"]
[SourceDate "2016.05.26"]

1. e4 d6 2. d4 g6 3. Nc3 Bg7 4. f4 Nf6 5. Nf3 c5 6. Bb5+ Bd7 7. e5 Ng4 8. Bxd7+
Qxd7 9. d5 dxe5 10. h3 e4 11. hxg4 exf3 12. Qxf3 Na6 13. Bd2 O-O-O 14. O-O-O
Nc7 15. Be1 f5 16. gxf5 Qxf5 17. g4 Qf7 18. Bg3 h5 19. f5 hxg4 20. Qf4 Na6 21.
Nb5 Rxd5 22. Rxh8+ Bxh8 23. fxg6 Qxf4+ 24. Bxf4 Rxd1+ 25. Kxd1 Bg7 26. c3 Kd7
27. Bg3 Ke6 28. Nxa7 c4 29. Nc8 Nc5 30. Nb6 Ne4 31. Bh2 Kf5 32. Ke2 Kxg6 33.
Nxc4 Kg5 34. Kf1 Nc5 35. Kg2 Kf5 36. Bg1 Na4 37. Bf2 Ke4 38. Kg3 Kd3 39. Na5 b5
40. Nc6 Nxb2 41. Nxe7 Bxc3 42. Nc6 Kc4 43. Kxg4 Nd1 44. Bg1 Bg7 45. Na7 Nc3 46.
Kf3 Nxa2 47. Nxb5 Kxb5 48. Ke4 Kc4 49. Bf2 Nc3+ 50. Kf3 Kd3 51. Bg3 Ne4 52. Bf4
Nc5 53. Bg5 Ne6 54. Be3 Bf6 55. Kf2 Ke4 56. Ke2 Nc7 57. Bh6 Nb5 58. Be3 Nc3+
59. Kd2 Nd5 60. Bh6 Bc3+ 61. Ke2 Bb4 62. Bd2 Bc5 63. Bh6 Nc3+ 64. Kd2 Bb4 65.
Kc2 Nd5 1/2-1/2

[Event "17. European Women's Championship 2016"]
[Site "Mamaia ROU"]
[Date "2016.06.03"]
[Round "7.4"]
[White "Shvayger, Yuliya"]
[Black "Socko, Monika"]
[Result "1/2-1/2"]
[WhiteElo "2415"]
[BlackElo "2469"]
[PlyCount "97"]
[EventDate "2016.05.27"]
[EventType "swiss"]
[EventRounds "11"]
[EventCountry "ROU"]
[Source "lmi"]
[SourceDate "2016.05.26"]

1. e4 e5 2. Nf3 Nf6 3. Nc3 Nc6 4. Bb5 Nd4 5. Bc4 Bd6 6. d3 c6 7. Nxd4 exd4 8.
Ne2 O-O 9. O-O b5 10. Bb3 c5 11. a4 c4 12. Ba2 cxd3 13. cxd3 Qb6 14. axb5 Bb7
15. Bc4 Qc7 16. h3 Nxe4 17. Nxd4 Bh2+ 18. Kh1 Be5 19. Be3 Nd6 20. Rc1 Qd8 21.
Nf3 Bxb2 22. Rc2 Qf6 23. Bg5 Bxf3 24. Bxf6 Bxd1 25. Rxb2 gxf6 26. Rxd1 Rfc8 27.
Ra2 Nxc4 28. dxc4 Rxc4 29. Rxd7 Rb4 30. Ra5 Rb2 31. Kg1 Kg7 32. Rb7 Rb1+ 33.
Kh2 Rb2 34. Kg1 Rb1+ 35. Kh2 Rb2 36. Kg3 Rb3+ 37. f3 Rb2 38. Ra6 Kg6 39. b6 Rg8
40. Raxa7 Kf5+ 41. Kh4 Rgxg2 42. Ra4 Rg5 43. Rxf7 Rxb6 44. Ra5+ Kg6 45. Rxf6+
Rxf6 46. Rxg5+ Kh6 47. Rh5+ Kg6 48. Rg5+ Kh6 49. Rh5+ 1/2-1/2

[Event "17. European Women's Championship 2016"]
[Site "Mamaia ROU"]
[Date "2016.06.03"]
[Round "7.5"]
[White "Atalik, Ekaterina"]
[Black "Ushenina, Anna"]
[Result "0-1"]
[WhiteElo "2408"]
[BlackElo "2450"]
[PlyCount "157"]
[EventDate "2016.05.27"]
[EventType "swiss"]
[EventRounds "11"]
[EventCountry "ROU"]
[Source "lmi"]
[SourceDate "2016.05.26"]

1. d4 Nf6 2. c4 e6 3. Nf3 b6 4. g3 Bb7 5. Bg2 Be7 6. O-O O-O 7. Nc3 Ne4 8. Bd2
f5 9. Ne5 d6 10. Nd3 Nxc3 11. Bxc3 Bxg2 12. Kxg2 Bf6 13. Rc1 Qe7 14. Re1 Nd7
15. e4 fxe4 16. Rxe4 Qf7 17. Qg4 e5 18. d5 Bg5 19. Rce1 Nf6 20. Qf5 Nxe4 21.
Qxe4 Qf5 22. h4 Qxe4+ 23. Rxe4 Bh6 24. Kf1 Rf7 25. Ke2 a5 26. a4 Rc8 27. g4 g6
28. g5 Bg7 29. Bd2 Rcf8 30. Be3 Rf3 31. Kf1 Kf7 32. Kg2 Rf5 33. Nc1 Ke7 34. Ne2
Kd7 35. b3 R5f7 36. h5 gxh5 37. Ng3 Rg8 38. Rh4 Bf8 39. Rxh5 Be7 40. Ne4 c6 41.
dxc6+ Kxc6 42. Kf1 d5 43. cxd5+ Kxd5 44. Nc3+ Kc6 45. Ke2 Bc5 46. Ne4 Be7 47.
Rh1 Rg6 48. Rc1+ Kd5 49. Nc3+ Kc6 50. Ne4+ Kb7 51. Rd1 Kc7 52. Rd5 Re6 53. Rd1
Rf8 54. Rh1 Rf7 55. Rd1 Bd8 56. Rd5 Rd7 57. Rb5 Kc6 58. Nf6 Rb7 59. Ng4 Bc7 60.
Kd3 e4+ 61. Kc4 Rb8 62. Rf5 Rd8 63. Rf7 Kb7 64. Rf6 Rc6+ 65. Rxc6 Kxc6 66. Nf6
Be5 67. Nxe4 Rf8 68. Kd3 Rf5 69. Nc3 Rf7 70. Ne4 Bf4 71. Bd4 Rf5 72. Bf6 Be5
73. Bxe5 Rxe5 74. f4 Rf5 75. Ke3 Kd5 76. Nc3+ Ke6 77. Nb5 Rc5 78. Ke4 Rc1 79.
f5+ 0-1

[Event "17. European Women's Championship 2016"]
[Site "Mamaia ROU"]
[Date "2016.06.03"]
[Round "7.6"]
[White "Arakhamia-Grant, Ketevan"]
[Black "Mkrtchian, Lilit"]
[Result "1/2-1/2"]
[WhiteElo "2364"]
[BlackElo "2434"]
[PlyCount "133"]
[EventDate "2016.05.27"]
[EventType "swiss"]
[EventRounds "11"]
[EventCountry "ROU"]
[Source "lmi"]
[SourceDate "2016.05.26"]

1. e4 Nf6 2. e5 Nd5 3. d4 d6 4. c4 Nb6 5. exd6 cxd6 6. Nf3 g6 7. Nc3 Bg7 8. Be3
Bg4 9. h3 Bxf3 10. Qxf3 Nc6 11. Rd1 O-O 12. Be2 e5 13. dxe5 Nxe5 14. Qxb7 Nbxc4
15. Bxc4 Nxc4 16. O-O Nxe3 17. fxe3 Rb8 18. Qxa7 Rxb2 19. Nd5 Be5 20. Ne7+ Kg7
21. Rb1 Qa8 22. Qxa8 Rxa8 23. Rxb2 Bxb2 24. Rd1 Rxa2 25. Rxd6 Be5 26. Rd1 Bg3
27. Nd5 Rc2 28. Rf1 h5 29. Nf6 Rc4 30. Ne8+ Kf8 31. Nf6 h4 32. Nd5 Kg7 33. Nf6
Rc3 34. e4 Re3 35. Ne8+ Kf8 36. Nf6 Re2 37. e5 Bxe5 38. Nd7+ Kg7 39. Nxe5 Rxe5
40. Rf4 g5 41. Ra4 Re2 42. Kf1 Rd2 43. Ra6 f6 44. Rb6 Kg6 45. Rb5 Kf7 46. Rb6
Ke7 47. Ra6 Rd6 48. Ra5 Ke6 49. Ke2 Rd5 50. Ra3 Rb5 51. Kf3 Kf5 52. Rc3 Rd5 53.
Ra3 Rd6 54. Ra5+ Ke6 55. Ra3 f5 56. Rb3 Rd5 57. Ra3 Rd4 58. Ra6+ Ke5 59. Ra5+
Rd5 60. Ra3 Rc5 61. Re3+ Kd4 62. Re8 Rc3+ 63. Kf2 g4 64. hxg4 fxg4 65. Rd8+ Ke4
66. Re8+ Kf4 67. Rf8+ 1/2-1/2

[Event "17. European Women's Championship 2016"]
[Site "Mamaia ROU"]
[Date "2016.06.03"]
[Round "7.7"]
[White "Pogonina, Natalija"]
[Black "Brunello, Marina"]
[Result "1-0"]
[WhiteElo "2490"]
[BlackElo "2336"]
[PlyCount "65"]
[EventDate "2016.05.27"]
[EventType "swiss"]
[EventRounds "11"]
[EventCountry "ROU"]
[Source "lmi"]
[SourceDate "2016.05.26"]

1. e4 c5 2. Nf3 d6 3. d4 cxd4 4. Nxd4 Nf6 5. Nc3 a6 6. Be2 e5 7. Nb3 Be7 8. Be3
Be6 9. Nd5 Nxd5 10. exd5 Bf5 11. O-O O-O 12. Qd2 Nd7 13. Na5 Qc7 14. c4 Bd8 15.
b4 Qb8 16. Nb3 b6 17. f4 exf4 18. Bxf4 Bg6 19. Rac1 Be7 20. Kh1 Qd8 21. Nd4 Nf6
22. Nc6 Qd7 23. Qd4 Rfe8 24. Qxb6 Bd8 25. Qf2 Ne4 26. Qg1 Bf6 27. Bf3 Ng5 28.
Bxg5 Bxg5 29. Rc3 Bd2 30. Ra3 Qf5 31. b5 axb5 32. Rxa8 Rxa8 33. Ne7+ 1-0

[Event "17. European Women's Championship 2016"]
[Site "Mamaia ROU"]
[Date "2016.06.03"]
[Round "7.9"]
[White "Nechaeva, Marina"]
[Black "Gara, Anita"]
[Result "0-1"]
[WhiteElo "2416"]
[BlackElo "2345"]
[PlyCount "152"]
[EventDate "2016.05.27"]
[EventType "swiss"]
[EventRounds "11"]
[EventCountry "ROU"]
[Source "lmi"]
[SourceDate "2016.05.26"]

1. d4 Nf6 2. c4 g6 3. Nc3 Bg7 4. e4 d6 5. f3 O-O 6. Nge2 c5 7. Be3 Nc6 8. d5
Ne5 9. Ng3 h5 10. Be2 h4 11. Nf1 e6 12. Nd2 exd5 13. cxd5 a6 14. O-O b5 15. Qc2
Nh5 16. f4 Ng4 17. Bxg4 Bxg4 18. h3 Bd7 19. Nf3 Ng3 20. Rfe1 Re8 21. Bf2 Qf6
22. Nxh4 Qxf4 23. Nf3 Bxc3 24. Be3 Qxe4 25. Qxc3 Qxd5 26. Bh6 Nf5 27. Bf4 Bc6
28. Rxe8+ Rxe8 29. Re1 Rxe1+ 30. Qxe1 Nd4 31. Qf2 Ne6 32. Bg3 Qd1+ 33. Ne1 Kg7
34. Kh2 a5 35. a3 a4 36. Qe3 Qd5 37. Qc3+ Nd4 38. Qd2 Qe6 39. Nd3 Qd5 40. Ne1
Kg8 41. Bf4 Qe6 42. Qf2 Ne2 43. Be3 Qe5+ 44. Kh1 Ng3+ 45. Kg1 Ne4 46. Qc2 Ng3
47. Qf2 Nf5 48. Bf4 Qe4 49. Qd2 b4 50. Kf2 bxa3 51. bxa3 Qe6 52. Nc2 Qe4 53.
Ne1 d5 54. Nf3 d4 55. Bg5 Qe6 56. Qa5 Qa2+ 57. Nd2 Qd5 58. Nf3 Kg7 59. Qc7 Ne3
60. Qe5+ Qxe5 61. Nxe5 Bb5 62. Be7 f6 63. Nf3 Nd1+ 64. Ke1 Nb2 65. Kd2 Nd3 66.
Bd6 Kf7 67. Bg3 Ke6 68. Ne1 Nb2 69. Kc1 Nc4 70. Nd3 Nxa3 71. Nxc5+ Kd5 72. Nb7
Nc4 73. Be1 a3 74. Na5 a2 75. Nb3 Ba4 76. Na1 Ke4 0-1

[Event "17. European Women's Championship 2016"]
[Site "Mamaia ROU"]
[Date "2016.06.03"]
[Round "7.10"]
[White "Zimina, Olga"]
[Black "Szczepkowska-Horowska, Karina"]
[Result "1/2-1/2"]
[WhiteElo "2361"]
[BlackElo "2411"]
[PlyCount "65"]
[EventDate "2016.05.27"]
[EventType "swiss"]
[EventRounds "11"]
[EventCountry "ROU"]
[Source "lmi"]
[SourceDate "2016.05.26"]

1. Nf3 Nf6 2. c4 e6 3. g3 d5 4. Bg2 dxc4 5. Qa4+ Nbd7 6. Qxc4 a6 7. Qb3 Rb8 8.
a4 b6 9. O-O Bb7 10. d3 Be7 11. Na3 O-O 12. Nc4 Nd5 13. Bd2 a5 14. Rfc1 Bb4 15.
Bc3 Nxc3 16. bxc3 Be7 17. Nd4 Nc5 18. Qc2 Bxg2 19. Kxg2 Bf6 20. Nb3 Nb7 21.
Nbd2 g6 22. Rab1 Bg7 23. d4 Qd7 24. Kg1 Rbc8 25. e3 Nd8 26. Rb5 Nc6 27. Nf3 Na7
28. Nfe5 Bxe5 29. Nxe5 Qd6 30. Rbb1 f6 31. Nxg6 hxg6 32. Qxg6+ Kh8 33. Qh6+
1/2-1/2

[Event "17. European Women's Championship 2016"]
[Site "Mamaia ROU"]
[Date "2016.06.03"]
[Round "7.11"]
[White "Gara, Ticia"]
[Black "Melia, Salome"]
[Result "1/2-1/2"]
[WhiteElo "2352"]
[BlackElo "2409"]
[PlyCount "32"]
[EventDate "2016.05.27"]
[EventType "swiss"]
[EventRounds "11"]
[EventCountry "ROU"]
[Source "lmi"]
[SourceDate "2016.05.26"]

1. e4 c5 2. Nf3 Nc6 3. Bb5 g6 4. O-O Bg7 5. Re1 Nf6 6. e5 Nd5 7. Nc3 Nc7 8.
Bxc6 dxc6 9. h3 Ne6 10. d3 Qc7 11. Ne4 O-O 12. Neg5 Nxg5 13. Bxg5 Be6 14. Qe2
h6 15. Bd2 Rad8 16. b3 Rfe8 1/2-1/2

[Event "17. European Women's Championship 2016"]
[Site "Mamaia ROU"]
[Date "2016.06.03"]
[Round "7.12"]
[White "Matnadze, Ana"]
[Black "Peptan, Corina-Isabela"]
[Result "0-1"]
[WhiteElo "2332"]
[BlackElo "2402"]
[PlyCount "78"]
[EventDate "2016.05.27"]
[EventType "swiss"]
[EventRounds "11"]
[EventCountry "ROU"]
[Source "lmi"]
[SourceDate "2016.05.26"]

1. d4 d5 2. Nf3 c6 3. c4 dxc4 4. a4 Nf6 5. e3 Bf5 6. Bxc4 e6 7. Nc3 Bb4 8. O-O
Nbd7 9. Qb3 a5 10. Nh4 Be4 11. Nxe4 Nxe4 12. Nf3 Ndf6 13. Ne5 Rb8 14. Rd1 Qc7
15. f3 Nd6 16. Be2 Nf5 17. g4 Ne7 18. f4 Ng6 19. Nd3 Bd6 20. Nf2 h6 21. Bd2 Nh4
22. Be1 g5 23. Nd3 Ng6 24. Ne5 Rg8 25. Nxg6 Rxg6 26. f5 exf5 27. gxf5 Bxh2+ 28.
Kg2 Rg8 29. e4 Bf4 30. d5 Nxe4 31. Bf3 Nd6 32. dxc6 bxc6 33. Qc2 c5 34. Rd5 g4
35. Bxg4 h5 36. Rxc5 Rxg4+ 37. Kh3 Qb7 38. Qe2+ Kf8 39. Bc3 Re8 0-1

[Event "17. European Women's Championship 2016"]
[Site "Mamaia ROU"]
[Date "2016.06.03"]
[Round "7.13"]
[White "Kursova, Maria"]
[Black "Daulyte, Deimante"]
[Result "1/2-1/2"]
[WhiteElo "2319"]
[BlackElo "2392"]
[PlyCount "35"]
[EventDate "2016.05.27"]
[EventType "swiss"]
[EventRounds "11"]
[EventCountry "ROU"]
[Source "lmi"]
[SourceDate "2016.05.26"]

1. Nf3 d5 2. d4 Nf6 3. c4 e6 4. Nc3 Bb4 5. Bg5 h6 6. Bxf6 Qxf6 7. Qa4+ Nc6 8.
e3 O-O 9. Be2 Bd7 10. Qb3 dxc4 11. Qxc4 Bd6 12. O-O e5 13. d5 Na5 14. Qd3 Qe7
15. e4 Rfd8 16. Nb5 Bxb5 17. Qxb5 b6 18. Qa4 1/2-1/2

[Event "17. European Women's Championship 2016"]
[Site "Mamaia ROU"]
[Date "2016.06.03"]
[Round "7.14"]
[White "Hoolt, Sarah"]
[Black "Vega Gutierrez, Sabrina"]
[Result "0-1"]
[WhiteElo "2312"]
[BlackElo "2375"]
[PlyCount "110"]
[EventDate "2016.05.27"]
[EventType "swiss"]
[EventRounds "11"]
[EventCountry "ROU"]
[Source "lmi"]
[SourceDate "2016.05.26"]

1. e4 c5 2. Nf3 d6 3. d4 cxd4 4. Nxd4 Nf6 5. Nc3 a6 6. f3 e5 7. Nb3 Be7 8. Bc4
Nbd7 9. Be3 Nb6 10. Bd5 Nfxd5 11. Nxd5 Nxd5 12. Qxd5 Qc7 13. Qd3 Be6 14. Nd2
Rc8 15. c3 O-O 16. O-O Rfd8 17. Qe2 d5 18. exd5 Bxd5 19. Rfe1 Bc5 20. Ne4 Bc4
21. Qf2 Bxe3 22. Rxe3 f6 23. b3 Bf7 24. Rf1 Bg6 25. c4 Rd4 26. Nc3 Qd6 27. Rfe1
Rd2 28. R3e2 Rxe2 29. Rxe2 b5 30. Rd2 Qf8 31. Qb6 bxc4 32. bxc4 Qc5+ 33. Qxc5
Rxc5 34. Rd8+ Kf7 35. Rd7+ Kf8 36. Nd5 Rxc4 37. Ra7 Bd3 38. Kf2 Rc2+ 39. Kg3
Rb2 40. a4 Bc4 41. Ne3 Bd3 42. Rd7 Rb3 43. h4 Ra3 44. h5 f5 45. Kh2 Bb1 46. Rb7
Bd3 47. Rd7 f4 48. Nd5 Rxa4 49. Rd8+ Kf7 50. Nxf4 Bb5 51. Nd3 Ke7 52. Rd5 Rd4
53. Rxe5+ Kf6 54. h6 gxh6 55. Rh5 Bxd3 0-1

[Event "17. European Women's Championship 2016"]
[Site "Mamaia ROU"]
[Date "2016.06.03"]
[Round "7.15"]
[White "Foisor, Cristina-Adela"]
[Black "Lomineishvili, Maia"]
[Result "1-0"]
[WhiteElo "2322"]
[BlackElo "2367"]
[PlyCount "75"]
[EventDate "2016.05.27"]
[EventType "swiss"]
[EventRounds "11"]
[EventCountry "ROU"]
[Source "lmi"]
[SourceDate "2016.05.26"]

1. Nf3 Nf6 2. g3 g6 3. Bg2 Bg7 4. O-O O-O 5. d4 d6 6. c4 Nc6 7. Nc3 Bg4 8. d5
Na5 9. Qd3 Bxf3 10. exf3 Nd7 11. b4 Ne5 12. Qe2 Nexc4 13. Qc2 c5 14. bxa5 Qxa5
15. Ne4 Bxa1 16. Qxc4 b5 17. Qe2 Bg7 18. f4 c4 19. h4 Rac8 20. h5 b4 21. hxg6
hxg6 22. f5 b3 23. axb3 cxb3 24. fxg6 Rxc1 25. Rxc1 b2 26. gxf7+ Rxf7 27. Rb1
Qa2 28. Qc2 Bd4 29. Bf1 Kg7 30. Bc4 Qa3 31. Bd3 Rf3 32. Rd1 a5 33. Kg2 Rf8 34.
Qe2 Rb8 35. Bb1 Qa4 36. Qg4+ Kf8 37. Nc3 Qb4 38. Na2 1-0

[Event "17. European Women's Championship 2016"]
[Site "Mamaia ROU"]
[Date "2016.06.03"]
[Round "7.16"]
[White "Mammadova, Gulnar"]
[Black "Batsiashvili, Nino"]
[Result "1-0"]
[WhiteElo "2319"]
[BlackElo "2476"]
[PlyCount "99"]
[EventDate "2016.05.27"]
[EventType "swiss"]
[EventRounds "11"]
[EventCountry "ROU"]
[Source "lmi"]
[SourceDate "2016.05.26"]

1. e4 e5 2. Nf3 Nc6 3. Bb5 a6 4. Ba4 Nf6 5. d3 d6 6. c3 g6 7. O-O Bg7 8. Re1
O-O 9. Nbd2 Re8 10. h3 h6 11. Bc2 d5 12. a4 a5 13. exd5 Nxd5 14. Nc4 b6 15. d4
exd4 16. Rxe8+ Qxe8 17. cxd4 Be6 18. Nce5 Rd8 19. Nxc6 Qxc6 20. Bb3 Qd6 21. Bd2
g5 22. Qc2 Rc8 23. Qd3 Ne7 24. Bxe6 Qxe6 25. Re1 Qf5 26. Qc4 Qd5 27. Qa6 Ra8
28. Qe2 Nf5 29. Bc3 Nxd4 30. Nxd4 Bxd4 31. Rd1 c5 32. Qh5 Kg7 33. Rd3 Rd8 34.
h4 Qf5 35. Rf3 Qg6 36. Qg4 Rd5 37. hxg5 hxg5 38. Rh3 Bxc3 39. bxc3 f5 40. Qe2
Qd6 41. g3 g4 42. Rh4 Qf6 43. Qa6 Qc6 44. Qe2 Rd7 45. Qe5+ Kg6 46. Qe8+ Kg7 47.
Qh8+ Kf7 48. Rh7+ Ke6 49. Rh6+ Kd5 50. c4+ 1-0

[Event "17. European Women's Championship 2016"]
[Site "Mamaia ROU"]
[Date "2016.06.03"]
[Round "7.17"]
[White "Cosma, Elena-Luminita"]
[Black "Zawadzka, Jolanta"]
[Result "0-1"]
[WhiteElo "2333"]
[BlackElo "2442"]
[PlyCount "88"]
[EventDate "2016.05.27"]
[EventType "swiss"]
[EventRounds "11"]
[EventCountry "ROU"]
[Source "lmi"]
[SourceDate "2016.05.26"]

1. d4 Nf6 2. Nf3 g6 3. g3 Bg7 4. Bg2 O-O 5. O-O d6 6. Nc3 d5 7. Re1 c6 8. Bf4
Nbd7 9. Qd2 Nb6 10. b3 Ne4 11. Nxe4 dxe4 12. Ne5 f6 13. Nc4 Nxc4 14. bxc4 f5
15. Rad1 Be6 16. d5 Bf7 17. Qb4 Qd7 18. f3 a5 19. Qb3 exf3 20. Bxf3 cxd5 21.
cxd5 b5 22. c4 bxc4 23. Qxc4 Rfc8 24. Qd3 Rc3 25. Qb1 Rac8 26. Kg2 Rc2 27. Rd2
R2c5 28. Rd3 a4 29. Rc1 Bf6 30. Rxc5 Rxc5 31. Qb8+ Rc8 32. Qb6 g5 33. d6 gxf4
34. dxe7 Qxe7 35. Qb5 Rd8 36. Rxd8+ Qxd8 37. Qxa4 fxg3 38. hxg3 Be5 39. Qb5 Qd4
40. a4 f4 41. gxf4 Qxf4 42. Qd7 h5 43. a5 Bd4 44. Qe7 h4 0-1